Top 10 Cities In Bangladesh By Population - Statistics

General Stats
  • This quiz has been taken 10 times
  • The average score is 4 of 10
Answer Stats
Population City % Correct
10,357,000 Dhaka
100%
3,920,000 Chittagong
88%
700,000 Rajshahi
63%
1,342,000 Khulna
50%
343,000 Rangpur
50%
389,000 Comilla
38%
281,000 Narsingdi
0%
369,000 Natore
0%
379,000 Shibganj
0%
338,000 Tungi
0%
No matching quizzes found
Score Distribution
Percent of People with Each Score
Percentile by Number Answered
Your Score History
You have not taken this quiz